000 00308nam a22001337a 4500
008 170612b xxu||||| |||| 00| 0 eng d
020 _a9781285218007
041 _aeng
080 _a94(7/8)
100 _a17
101 _aSHH
245 _aTERRORISM AND THE THREAT TO AMERICA
_cWHITE,J.R
942 _2udc
_cBK
999 _c16868
_d16868